Регионална библиотека "Любен Каравелов" - Русе

Програмирани тестове по физика (Запис номер 48890)

MARC детайли
000 -Лидер
Контролно поле с фиксирана дължина 01451nam a2200373 c 4500
003 - Код на организацията, давaща контролен номер
Контролно поле BLK
005 - Дата и час на последна редакция
Контролно поле 20221028164143.0
008 - Елементи от данни с фиксирана дължина
fixed length control field 180408b bul|||||r ||||||| ||bul||
010 ## - Наследен системен номер
LC control number KNG00052710000
040 ## - Източник на каталожния запис
Идентификатор на билиотеката - собственик на записа BLK
041 ## - Код за език
Код за езика на текст/звукозапис или на отделно заглавие Български
Код за езика КДБФ Български
080 ## - УДК
Текстов определител УДК Физика
УДК код - определител по УДК 53
УДК определител (072)
УДК - код + определител 53(072)
100 1# - Редна дума - Автор
Автор Галанов, Петър Николов
Авторска отговорност първи автор
R(LIN) 50723
139 ## - Редно поле
Редна дума Галанов, Петър Н. и др.
Авторски знак Гал - Г 18
245 10 - Сведения за заглавието
Заглавие Програмирани тестове по физика
Подзаглавни данни За Х кл. на СПТУ : В помощ на учителите
Редно поле (дума) Петър Н. Галанов; съавт. Людмил Петров Вацкичев.
257 ## - Страна на издаване
Страна на създаване/издаване България
260 ## - Област на издателските данни
Място на издаване, разпространение и проч. София
Име на издателя, разпространителя и проч. Нар. просв.
Година на издаване 1977
Печатница Хасково : Ат. Стратиев
300 ## - Физическа характеристика
Страници 112 с.
Илюстрации и др. с черт.
Размери/Мащаб 20 см
380 ## - Жанр
Жанр Естествени науки. Математика
500 ## - Общи забележки
Забележка 5 101 тир.
650 #4 - Допълнително описание по предмет – тема
Основно описание – тема или топоним Физика - методика на преподаването - за средни училища
9 (RLIN) 250309
650 #4 - Допълнително описание по предмет – тема
Основно описание – тема или топоним Физика - тестове
9 (RLIN) 263205
653 ## - Ключова дума – ненормативна
Ключова дума физика
653 ## - Ключова дума – ненормативна
Ключова дума техникуми
653 ## - Ключова дума – ненормативна
Ключова дума Х кл.
653 ## - Ключова дума – ненормативна
Ключова дума методика на преподаването
653 ## - Ключова дума – ненормативна
Ключова дума тестове
700 1# - Други автори (авторска отговорност)
Лично име Вацкичев, Людмил Петров
Автороска отговорност (Описва отношението между автора и произведението) съавт.
9 (RLIN) 46512
852 ## - Местоположение
Форматна сигнатура Цб 86525
856 4# - Електронен адрес и достъп
Електронен формат pdf - файл
Инструкция (цена за достъп) 0.00
Права за достъп disable
856 4# - Електронен адрес и достъп
Електронен формат pdf - файл
Инструкция (цена за достъп) 0.00
Права за достъп disable
999 ## - СИСТЕМНИ КОНТРОЛНИ НОМЕРА
Koha biblionumber 48890
Koha biblioitemnumber 48890
942 ## - АРТИКУЛИ
Вид на библиотечния материал Книги
Скрит в OPAC Не
Периодичен библиозапис Да
944 ## - СЪЗДАВАНЕ И РЕДАКЦИЯ на ЗАПИСА
Създаване/Редакция Създаване
Дата на регистрацията/редакция 12.09.2016
Служител, извършил регистрацията/редакцията Кети_Илиева
944 ## - СЪЗДАВАНЕ И РЕДАКЦИЯ на ЗАПИСА
Създаване/Редакция Редакция
Дата на регистрацията/редакция 12.09.2016
Служител, извършил регистрацията/редакцията Кети_Илиева
944 ## - СЪЗДАВАНЕ И РЕДАКЦИЯ на ЗАПИСА
Създаване/Редакция Редакция
Дата на регистрацията/редакция 2022-10-28
Служител, извършил регистрацията/редакцията Христина Везирева
999 ## - СИСТЕМНИ КОНТРОЛНИ НОМЕРА
Koha biblioitemnumber 48890
Наличности
Код за отписване Код за изгубен артикул Източник на класификационната схема Код за повреда Коз за рестрикции Код за отдаване Артикулен № Име на библиотеката - собственик Име на библиотеката, в която се намира в момента Статус (Текущо местоположение) Дата на вписване в системата Местоположение - отдел Цена в лева Инвентарен номер Систематично азбучна сигнатура Баркод Номер на екземпляра Цена в евро Служебна бележка Служебен тип на артикула
  Не е изгубен Universal Decimal Classification Не е повреден без рестрикции ползва се в читалня 76627 Регионална библиотека "Любен Каравелов" Русе Регионална библиотека "Любен Каравелов" Русе Хранилище 1977-01-01 Хранилище 0.40 230216 Цб 86525 120000230216 1 0.20 Вид: Сф Дата: 01.01.1977 Книги
Изтеглен Не е изгубен Universal Decimal Classification Не е повреден без рестрикции заемане за дома 76628 Регионална библиотека "Любен Каравелов" Русе Регионална библиотека "Любен Каравелов" Русе Заемна - подръчен фонд 1977-01-01 Заемна - подръчен фонд 0.40 231532 П 53/Г 18 231532 2 0.20 Вид: Сф Дата: 01.01.1977 Книги
Vip Innovations Ltd, Rousse, Bulgaria 2025